| 000 | 00600nam a2200217Ia 4500 | ||
|---|---|---|---|
| 001 | 15768 | ||
| 003 | GE_BSU | ||
| 008 | 181216s||||||||xx |||||||||||||| ||und|| | ||
| 040 | _cGE_BSU | ||
| 100 | _aჭელიძე, ო. | ||
| 245 | _aჯავრი | ||
| 245 | _bპოემა | ||
| 245 | _cრედ.ჯ.ნიქაბაძე. მხატვ.ო.ჯიშკარიანი | ||
| 260 | _aთბილისი | ||
| 260 | _bნაკადული | ||
| 260 | _c1963 | ||
| 300 | _a74გვ. ; 16სმ | ||
| 653 | _aპოემა | ||
| 653 | _aჯავრი | ||
| 942 | _cBK | ||
| 999 |
_c48866 _d48866 |
||